00285nam a2200121Ia 4500008004100000082001200041100001900053245003000072250000800102260003700110300000800147650000800155191201s2011 xx 000 0 und d a519.515 aKILLER, Gerald 0aStatistics for Management aRep aN. DelhibCENGAGE Learningc2011 a718 aBBA